| 000 | 00707cam a2200145 4500500 | ||
|---|---|---|---|
| 005 | 20260208005815.0 | ||
| 041 | _afre | ||
| 042 | _adc | ||
| 100 | 1 | 0 |
_aLaster, Arnaud _eauthor |
| 245 | 0 | 0 | _aVictor Hugo (2003-1802) / Images et transfigurations. Actes du colloque « Imago Hugolis » organisé par le Collège de sociocritique de Montréal. Sous la direction de MAXIME PRÉVOST et YAN HAMEL. Québec, Fides, 2003. Un vol. de 190 p. |
| 260 | _c2005. | ||
| 500 | _a5 | ||
| 786 | 0 | _nRevue d'histoire littéraire de la France | 105 | 1 | 2005-02-01 | p. 231n-253n | 0035-2411 | |
| 856 | 4 | 1 | _uhttps://shs.cairn.info/revue-d-histoire-litteraire-de-la-france-2005-1-page-231n?lang=fr&redirect-ssocas=7080 |
| 999 |
_c1653862 _d1653862 |
||